000 00312nam a2200133 i 4500
001 bg
100 1 _aOSIECKI, Jan
245 0 _aPodstawy analizy drgaƄ mechanicznych /
_cJan Osiecki.
260 _aKielce,
_c1979.
040 _cBPK
041 _apol
942 _cKS
008 s pl f |000 0 pol
999 _c21491
_d21491
856 _uhttp://koha.tu.koszalin.pl/cgi-bin/koha/opac-detail.pl?biblionumber=21491
_yKatalog online BPK